<?xml version="1.0" encoding="UTF-8"?>
<collection xmlns="http://www.loc.gov/MARC21/slim">
 <record>
  <leader>00500pamaa2200145   4500</leader>
  <controlfield tag="001">0000019078</controlfield>
  <controlfield tag="005">20070322090000.0</controlfield>
  <datafield tag="020" ind1="0" ind2="0">
   <subfield code="a">0863184928 </subfield>
  </datafield>
  <datafield tag="090" ind1="0" ind2="0">
   <subfield code="a">TR882.3 </subfield>
   <subfield code="b">CHE 1990</subfield>
  </datafield>
  <datafield tag="100" ind1="1" ind2="0">
   <subfield code="a">CHESHIRE </subfield>
  </datafield>
  <datafield tag="245" ind1="1" ind2="4">
   <subfield code="a">The complete book of video : </subfield>
   <subfield code="b">techniques, subjects, equipment  </subfield>
   <subfield code="c">David Cheshire.</subfield>
  </datafield>
  <datafield tag="260" ind1="0" ind2="0">
   <subfield code="a">London: </subfield>
   <subfield code="b">Dorling Kindersley, </subfield>
   <subfield code="c">1990.</subfield>
  </datafield>
  <datafield tag="300" ind1=" " ind2=" ">
   <subfield code="a">224p.: </subfield>
   <subfield code="b">col.ill.; </subfield>
   <subfield code="c">21cm.</subfield>
  </datafield>
  <datafield tag="650" ind1="0" ind2="0">
   <subfield code="a">Camcorders -- </subfield>
   <subfield code="x">Amateurs' manuals </subfield>
  </datafield>
  <datafield tag="650" ind1="0" ind2="0">
   <subfield code="a">Video recordings -- </subfield>
   <subfield code="x">Production and direction -- </subfield>
   <subfield code="x">Amateur's manuals </subfield>
  </datafield>
 </record>
</collection>
